The Only Remaining Continent that..... - Statistics

General Stats
  • This quiz has been taken 31 times
  • The average score is 4 of 7
Answer Stats
Hint Answer % Correct
is inhabited by at least one pope Europe
96%
has almost no musquitos Antarctica
93%
has more than 30 countries Africa
67%
has a population of more than 3 million people Asia
67%
doesn't have island countries South America
56%
has 3 of the 5 least populated countries in the world Oceania
37%
is a continent North America
33%
No matching quizzes found
Score Distribution
Percent of People with Each Score
Percentile by Number Answered
Your Score History
You have not taken this quiz